Statistics for Question Disorder

Click here to take the quiz!

General Stats

  • This quiz has been taken 23 times
  • The average score is 4 of 6

Answer Stats

QuestionAnswer% Correct
Only one question is in the correct spot, but this question isn't even close to the right place!This question should be first.
76%
None of the questions that were supposed to be even-numbered appear later in the quiz than they're supposed to. This question, however, was supposed to be odd.This question should be fifth.
71%
This question should appear in the second half of the quiz.This question should be fourth.
71%
This question was supposed to be an even-numbered question.This question should be sixth.
65%
This question was supposed to be a prime-numbered question.This question should be third.
65%
One question's number is now exactly half of what it should be.This question should be second.
59%

Score Distribution

Percentile by Number Answered

Percent of People with Each Score

Your Score History

You have not taken this quiz